[Event "POL-chT IV GrB"]
[Site "Konin"]
[Date "2011.03.13"]
[Round "6"]
[White "Zakrocki, Sebastian"]
[Black "Grzegorowski, Artur"]
[Result "1-0"]
[WhiteElo "1829"]
[BlackElo "1984"]
[PlyCount "76"]
[EventDate "2011.01.23"]
[EventType "team-tourn"]
[EventRounds "9"]
[EventCountry "POL"]
[SourceTitle "EXT 2019"]
[Source "ChessBase"]
[SourceDate "2018.10.10"]
[SourceVersion "1"]
[SourceVersionDate "2018.10.10"]
[SourceQuality "1"]
[WhiteTeam "Nowe Skalmierzyce Pogon"]
[BlackTeam "Ostrow Wielkopolski II"]
[WhiteTeamCountry "POL"]
[BlackTeamCountry "POL"]

1. e4 c5 2. Nf3 d6 3. d4 cxd4 4. Nxd4 Nf6 5. Nc3 a6 6. Be3 Ng4 7. Bg5 Qa5 8. Bh4 Nc6 9. Nb3 Qd8 10. Be2 Nge5 11. 0-0 Ng6 12. Bg3 e5 13. Bc4 Be6 14. Bxe6 fxe6 15. f4 exf4 16. Bxf4 Nxf4 17. Rxf4 Qb6+ 18. Kh1 Ne5 19. Qe2 Be7 20. Rd1 0-0-0 21. a4 Rdf8 22. a5 Qc7 23. Rxf8+ Rxf8 24. Na4 Nc6 25. Qg4 Nd8 26. Nb6+ Kb8 27. Nd4 Bf6 28. Nxe6 Nxe6 29. Qxe6 Rd8 30. b3 Ka7 31. Qd5 Re8 32. h3 Re5 33. Qg8 Qd8 34. Qxd8 Bxd8 35. Rxd6 Bc7 36. Rd2 Bxb6 37. axb6+ Kxb6 38. Rd7 h5 1-0

[Event "POL-chT IV GrB"]
[Site "Konin"]
[Date "2011.01.23"]
[Round "1"]
[White "Krolak, Dominika"]
[Black "Zakrocki, Sebastian"]
[Result "0-1"]
[WhiteElo "1496"]
[BlackElo "1829"]
[PlyCount "74"]
[EventDate "2011.01.23"]
[EventType "team-tourn"]
[EventRounds "9"]
[EventCountry "POL"]
[SourceTitle "EXT 2019"]
[Source "ChessBase"]
[SourceDate "2018.10.10"]
[SourceVersion "1"]
[SourceVersionDate "2018.10.10"]
[SourceQuality "1"]
[WhiteTeam "Slesin M-GOK Gambit"]
[BlackTeam "Nowe Skalmierzyce Pogon"]
[WhiteTeamCountry "POL"]
[BlackTeamCountry "POL"]

1. d4 d5 2. c4 c6 3. Nc3 e6 4. Bf4 Bd6 5. Bg3 Nf6 6. e3 Bxg3 7. hxg3 Nbd7 8. Bd3 Qe7 9. Qc2 h6 10. cxd5 Nxd5 11. Nge2 Nb4 12. Qd2 Nxd3+ 13. Qxd3 Nf6 14. Ne4 Nxe4 15. Qxe4 Qb4+ 16. Kf1 Qxb2 17. Qb1 Qd2 18. Qb3 Qa5 19. Nf4 b6 20. Qc2 Bb7 21. Nh5 Qg5 22. Rd1 0-0 23. Nf4 Rfe8 24. Rh5 Qf6 25. Qe4 Rab8 26. Qc2 Rbd8 27. Ke2 Ba6+ 28. Ke1 e5 29. dxe5 Rxd1+ 30. Kxd1 Rxe5 31. Rxe5 Qxe5 32. a4 Qd6+ 33. Kc1 Qa3+ 34. Kd1 Qa1+ 35. Kd2 Qf1 36. Nd3 Bxd3 37. Qxd3 Qxf2+ 0-1

[Event "Lazy op-B 5th"]
[Site "Lazy"]
[Date "2009.06.26"]
[Round "7.15"]
[White "Zakrocki, Sebastian"]
[Black "Snihur, Piotr"]
[Result "1-0"]
[WhiteElo "1817"]
[BlackElo "1684"]
[PlyCount "145"]
[EventDate "2009.06.21"]
[EventType "swiss"]
[EventRounds "9"]
[EventCountry "POL"]
[SourceTitle "CBM 131 Extra"]
[Source "ChessBase"]
[SourceDate "2009.09.03"]
[SourceVersion "2"]
[SourceVersionDate "2009.09.16"]
[SourceQuality "1"]

1. e4 c5 2. Nf3 Nc6 3. d4 cxd4 4. Nxd4 a6 5. c4 Nf6 6. Nc3 d6 7. Be2 Bd7 8. 0-0 g6 9. Be3 Bg7 10. Rc1 0-0 11. b3 Rc8 12. Qd2 Re8 13. f3 Rb8 14. Rfd1 Qa5 15. Nxc6 bxc6 16. Qc2 c5 17. Kh1 Bc6 18. Bd3 Nd7 19. Ne2 Ne5 20. Bd2 Qc7 21. Bc3 Nxd3 22. Qxd3 a5 23. Bxg7 Kxg7 24. a4 Rb4 25. Rc3 Reb8 26. Nc1 Qb7 27. Qe3 f6 28. Re1 Re8 29. Qd2 Rb6 30. Rd3 Ra6 31. Na2 Rb6 32. Nc1 Ra6 33. Qc3 Qb4 34. Na2 Qxc3 35. Nxc3 Rb6 36. Nb5 Bxb5 37. cxb5 Kf7 38. g3 e5 39. Red1 Ke6 40. Kg2 Re7 41. Kf2 Rd7 42. Ke3 Re7 43. Kd2 Rd7 44. Kc3 Re7 45. Kc4 Rc7 46. Rf1 Rg7 47. f4 Rf7 48. fxe5 Kxe5 49. Re1 Rf8 50. Rd5+ Ke6 51. Rf1 Rf7 52. h4 Ke7 53. g4 Ke6 54. g5 f5 55. exf5+ gxf5 56. h5 Rbb7 57. Rd3 Rb6 58. Re3+ Kd7 59. Ref3 Ke6 60. Re1+ Kd7 61. Kd5 Rb8 62. Re6 Rb6 63. Rf6 Rxf6 64. gxf6 Rb8 65. Rxf5 Rf8 66. f7 Ke7 67. b6 Kd7 68. b7 Ke7 69. Kc6 Ke6 70. Rf1 d5 71. Kc7 c4 72. b8Q Rxf7+ 73. Rxf7 1-0

[Event "Lazy op-B 5th"]
[Site "Lazy"]
[Date "2009.06.22"]
[Round "2.13"]
[White "Chomczyk, Marek"]
[Black "Zakrocki, Sebastian"]
[Result "0-1"]
[WhiteElo "1540"]
[BlackElo "1817"]
[PlyCount "82"]
[EventDate "2009.06.21"]
[EventType "swiss"]
[EventRounds "9"]
[EventCountry "POL"]
[SourceTitle "CBM 131 Extra"]
[Source "ChessBase"]
[SourceDate "2009.09.03"]
[SourceVersion "2"]
[SourceVersionDate "2009.09.16"]
[SourceQuality "1"]

1. e4 c5 2. Nf3 d6 3. d4 cxd4 4. Nxd4 Nf6 5. Nc3 a6 6. Be3 Ng4 7. Bc1 Nf6 8. Be3 Qc7 9. h3 e6 10. f4 Nbd7 11. Qd2 b5 12. a3 Bb7 13. Bd3 Nc5 14. Ndxb5 axb5 15. Bxb5+ Bc6 16. 0-0 Ncxe4 17. Qd3 Nc5 18. Bxc5 dxc5 19. Qf3 Rc8 20. f5 Bd6 21. Rfe1 e5 22. Rad1 0-0 23. Qg3 Rfd8 24. Rd2 Be4 25. Red1 Bxf5 26. Ba6 Rb8 27. Nb5 Rxb5 28. Bxb5 Ne4 29. Qf3 Nxd2 30. Qxf5 Be7 31. Bd3 g6 32. Qg4 c4 33. Be2 Qb6+ 34. Kh1 Qxb2 35. Qg3 Qxc2 36. Qxe5 Bf8 37. Qg5 Rd6 38. a4 Nf3 39. Bxf3 Rxd1+ 40. Bxd1 Qxd1+ 41. Kh2 Qxa4 0-1